Responsive leadership in social services (Record no. 972186)

MARC details
000 -LEADER
fixed length control field 00823nam a2200253Ia 4500
003 - CONTROL NUMBER IDENTIFIER
control field OSt
005 - DATE AND TIME OF LATEST TRANSACTION
control field 20221005064005.0
008 - FIXED-LENGTH DATA ELEMENTS--GENERAL INFORMATION
fixed length control field 221004b |||||||| |||| 00| 0 eng d
020 ## - INTERNATIONAL STANDARD BOOK NUMBER
International Standard Book Number 9781452291543 (pbk)
037 ## - SOURCE OF ACQUISITION
Terms of availability Textual
040 ## - CATALOGING SOURCE
Original cataloging agency CRL
Transcribing agency CRL
Language of cataloging eng
041 ## - LANGUAGE CODE
Source of code eng
Language code of text/sound track or separate title eng
100 ## - MAIN ENTRY--PERSONAL NAME
Personal name De Groot Stephen
9 (RLIN) 603334
245 #0 - TITLE STATEMENT
Title Responsive leadership in social services
Remainder of title a practical approach for optimizing engagement and performance
260 ## - PUBLICATION, DISTRIBUTION, ETC.
Place of publication, distribution, etc. Los
Name of publisher, distributor, etc. Angles Sage USA
Date of publication, distribution, etc. 2016
300 ## - PHYSICAL DESCRIPTION
Extent xx,245p.
Dimensions cm.
650 ## - SUBJECT ADDED ENTRY--TOPICAL TERM
Topical term or geographic name entry element LEADERSHIP
942 ## - ADDED ENTRY ELEMENTS (KOHA)
Classification part X:86, Q6
Koha item type Textual
Source of classification or shelving scheme
Holdings
Withdrawn status Lost status Damaged status Not for loan Home library Current library Date acquired Source of acquisition Total Checkouts Full call number Barcode Date last seen Price effective from Koha item type
        Central Library Central Library 2022-10-05 BBS/101, 10/03/2017, Better Book Service   X:86 Q6 CL1640476 2022-10-05 2022-10-05 Textual
Copyright @ Delhi University Library System